| Tag |
First Indicator |
Second Indicator |
Subfields |
| LEADER |
00000cam a2200000 i 4500 |
| 001 |
in00000603313 |
| 005 |
20151014103334.0 |
| 008 |
750429s1974 fr eab b 00110 fre |
| 010 |
|
|
|a 75516363
|
| 020 |
|
|
|a 2709903385
|
| 035 |
|
|
|a (OCoLC)01303739
|
| 035 |
|
|
|9 ACR7272AM
|
| 040 |
|
|
|c PIT
|d TXA
|d UtOrBLW
|
| 049 |
|
|
|a TXAM
|c [1185582]
|
| 050 |
0 |
0 |
|a HT985
|b .F54
|
| 100 |
1 |
|
|a Filliot, J. M.
|
| 245 |
1 |
3 |
|a La traite des esclaves vers les Mascareignes au XVIIIe siecle /
|c J.-M. Filliot.
|
| 264 |
|
1 |
|a Paris :
|b ORSTOM,
|c 1974.
|
| 300 |
|
|
|a 273 pages, 2 unnumbered folded leaves of plates :
|b illustrations ;
|c 28 cm.
|
| 336 |
|
|
|a text
|b txt
|2 rdacontent
|
| 337 |
|
|
|a unmediated
|b n
|2 rdamedia
|
| 338 |
|
|
|a volume
|b nc
|2 rdacarrier
|
| 490 |
1 |
|
|a Memoires ORSTOM ; no. 72
|
| 500 |
|
|
|a Includes index.
|
| 504 |
|
|
|a Bibliography: pages [233]-261.
|
| 650 |
|
0 |
|a Slave trade
|x History.
|
| 650 |
|
0 |
|a Slave trade
|z Madagascar
|x History.
|
| 650 |
|
0 |
|a Slave trade
|z Mascarene Islands
|x History.
|
| 830 |
|
0 |
|a Mémoires ORSTOM ;
|v no 72.
|
| 999 |
|
|
|a MARS
|
| 999 |
f |
f |
|s a729a2d7-ab4a-358e-91ce-7c2a5f109b91
|i f32872bf-6388-3d96-ab06-2284c8c3098d
|t 0
|
| 952 |
f |
f |
|p ric
|a Texas A&M University
|b Rellis Campus
|c Joint Library Facility
|d Remote Storage
|t 0
|e HT985 .F54
|h Library of Congress classification
|i unmediated -- volume
|m A14803005933
|
| 998 |
f |
f |
|a HT985 .F54
|t 0
|l Remote Storage
|